Researches related to the UNESCO's Man and the Biosphere Programme in Japan : 1987-1988 /

Guardado en:
Autor Corporativo: Unesco. Man of the Biosphere Programme. Japanese National Committee.
Formato: Libro
Idioma:English
Publicado: [Tokyo : MAB, 1989]
Etiquetas: Agregar Etiqueta
Sin Etiquetas, Sea el primero en etiquetar este registro!
LEADER 00541nam a22001335a 4500
001 EEA.libagro004155
005 20190328120109.0
008 130809s1989####ja#a##########000#0#eng#d
082 0 4 |a 574.52 
110 2 |a Unesco.  |b Man of the Biosphere Programme.  |b Japanese National Committee. 
245 1 0 |a Researches related to the UNESCO's Man and the Biosphere Programme in Japan :  |b 1987-1988 /  |c Coordinating Committee on Mab Programme. 
260 |a [Tokyo :  |b MAB,  |c 1989] 
300 |a 115 p. :  |b il. ;  |c 26 cm. 
859 |a AR-BbBCA  |b BIB. AGRONOMIA  |h 574.52  |i M112  |p 1989/1396